000 00298nam a22001337a 4500
008 171107b xxu||||| |||| 00| 0 eng d
020 _a007041542
041 _aeng
080 _26 ED
_a330.722.6
100 _a62
101 _aKOK
245 _aFINANCIAL ACCOUTING
_cMEIGS.R.F
942 _2udc
_cBK
999 _c37956
_d37956